| 000 | 00643nam a22002057a 4500 | ||
|---|---|---|---|
| 999 |
_c4779 _d4779 |
||
| 003 | AR-CdUCM | ||
| 008 | 190311b ||||| |||| 00| 0 spa d | ||
| 040 |
_aMUNICIPALIDAD PROVINCIAL DEL CUSCO _cBIBLIOTECA MUNICIPAL DEL CUSCO |
||
| 082 |
_a891.7 / _bM17 |
||
| 100 |
_aMaiakovski, Vladimir _914769 |
||
| 245 | _aAntología poética / | ||
| 260 |
_aLima : _bCentro de Estudiantes de Medicina de la UNMSM, _c1964. |
||
| 300 |
_a158 páginas ; _c17 cm. |
||
| 500 | _aDonación familia Nieto. | ||
| 650 |
_aPoesías rusas _912059 |
||
| 650 |
_aSiglo XX _98 |
||
| 700 |
_aGuerrero, Lila (traductor) _914770 |
||
| 942 |
_2ddc _cLIBROS |
||
| 945 | _aafb | ||